书目信息 |
| 题名: |
建设工程计量与计价实务
|
|
| 作者: | 苏也拉图 主编 | |
| 分册: | 安装工程 | |
| 出版信息: | 北京 中国建材工业出版社 2022.01 |
|
| 页数: | 139页 | |
| 开本: | 26cm | |
| 丛书名: | 内蒙古自治区二级造价工程师职业资格考试全真模拟试卷 | |
| 单 册: | ||
| 中图分类: | TU723.32-44 , TU723.31-44 | |
| 科图分类: | ||
| 主题词: | 建筑工程--jian zhu gong cheng--计量--资格考试--习题集 , 建筑造价--jian zhu zao jia--资格考试--习题集 , 建筑安装--jian zhu an zhuang--建筑造价管理--资格考试--习题集 | |
| 电子资源: | ||
| ISBN: | 978-7-5160-3366-1 | |
| 000 | 01297nam 2200289 450 | |
| 001 | 27945 | |
| 005 | 20221008120616.18 | |
| 010 | @a978-7-5160-3366-1@dCNY45.00 | |
| 100 | @a20220602d2022 em y0chiy50 ea | |
| 101 | 0 | @achi |
| 102 | @aCN@b110000 | |
| 105 | @aak q 000yy | |
| 200 | 1 | @a建设工程计量与计价实务@Ajian she gong cheng ji liang yu ji jia shi wu@i安装工程@f苏也拉图主编 |
| 210 | @a北京@c中国建材工业出版社@d2022.01 | |
| 215 | @a139页@c图@d26cm | |
| 225 | 2 | @a内蒙古自治区二级造价工程师职业资格考试全真模拟试卷@Anei meng gu zi zhi qu er ji zao jia gong cheng shi zhi ye zi ge kao shi quan zhen mo ni shi juan |
| 330 | @a本书主要依据内蒙古自治区二级造价工程师考试大纲及教材编写而成, 是内蒙古自治区二级造价工程师执业资格考试模拟试题, 题型与真题一致, 考点内容均为大纲要求内容。 | |
| 410 | 0 | @12001 @a内蒙古自治区二级造价工程师职业资格考试全真模拟试卷 |
| 517 | 1 | @a安装工程@Aan zhuang gong cheng |
| 606 | 0 | @a建筑工程@Ajian zhu gong cheng@x计量@x资格考试@j习题集 |
| 606 | 0 | @a建筑造价@Ajian zhu zao jia@x资格考试@j习题集 |
| 606 | 0 | @a建筑安装@Ajian zhu an zhuang@x建筑造价管理@x资格考试@j习题集 |
| 690 | @aTU723.32-44@v5 | |
| 690 | @aTU723.31-44@v5 | |
| 701 | 0 | @a苏也拉图@Asu ye la tu@4主编 |
| 801 | 0 | @aCN@c20220910 |
| 905 | @a河南城建学院图书馆@dTU723.32-44@eS859@f2 | |
| 建设工程计量与计价实务.安装工程/苏也拉图主编.-北京:中国建材工业出版社,2022.01 |
| 139页:图;26cm.-(内蒙古自治区二级造价工程师职业资格考试全真模拟试卷) |
| ISBN 978-7-5160-3366-1:CNY45.00 |
| 本书主要依据内蒙古自治区二级造价工程师考试大纲及教材编写而成, 是内蒙古自治区二级造价工程师执业资格考试模拟试题, 题型与真题一致, 考点内容均为大纲要求内容。 |
| ● |
| 相关链接 |
|
|
|
正题名:建设工程计量与计价实务
索取号:TU723.32-44/S859
 
预约/预借
| 序号 | 登录号 | 条形码 | 馆藏地/架位号 | 状态 | 备注 |
| 1 | 1580477 | 215804770 | 建筑库201/201建筑库 106排9列6层/ [索取号:TU723.32-44/S859] | 在馆 | |
| 2 | 1580478 | 215804789 | 建筑库201/201建筑库 106排9列6层/ [索取号:TU723.32-44/S859] | 在馆 |